Statistics for NBA Most Improved Players

Click here to take the quiz!

General Stats

  • This quiz has been taken 7 times
  • The average score is 8 of 38

Answer Stats

YearTeamAnswer% Correct
2022GrizzliesJa Morant
100%
2017BucksGiannis Antetokounmpo
71%
2023JazzLauri Markkanen
71%
2019RaptorsPascal Siakam
71%
2020PelicansBrandon Ingram
57%
2021KnicksJulius Randle
57%
2013PacersPaul George
57%
2016Trail BlazersC.J McCollum
43%
2000PacersJalen Rose
43%
2002PacersJermaine O'neal
43%
2015BullsJimmy Butler
43%
1986SpursAlvin Robertson
14%
1987SuperSonicsDale Ellis
14%
2009PacersDanny Granger
14%
2014SunsGoran Dragic
14%
1989SunsKevin Johnson
14%
2011TimberwolvesKevin Love
14%
2007WarriorsMonta Ellis
14%
2012MagicRyan Anderson
14%
2001MagicTracy McGrady
14%
2010RocketsAaron Brooks
0%
1998HawksAlan Henderson
0%
2005ClippersBobby Simmons
0%
2006SunsBorris Diaw
0%
1993NuggetsChris Jackson
0%
199576ersDana Barros
0%
1999MagicDarrell Armstrong
0%
1994BulletsDon MacLean
0%
1996BulletsGheorghe Muresan
0%
2003WarriorsGilbert Areanas
0%
2008MagicHedo Turkoglu
0%
1997HeatIssac Austin
0%
1988Trail BlazersKevin Duckworth
0%
1992BulletsPervis Ellison
0%
1990HeatRon Seikaly
0%
1991MagicScott Skiles
0%
2018PacersVictor Olidipo
0%
2004Trail BlazersZach Randolph
0%

Score Distribution

Percentile by Number Answered

Percent of People with Each Score

Your Score History

You have not taken this quiz